000
00254nam a22001097a 4500
082
_a
621.389324 MCW'T
100
_a
MCWILLIAMS, A. A
_9
56637
245
_a
TAPE RECORDING AND REPRODUCTION
260
_a
LONDON
_b
FOCAL
_c
1964
300
_a
287P
942
_c
BK
999
_c
567010
_d
567010